| 000 | 01191nam0a2200313 4500 | ||
|---|---|---|---|
| 001 | RU\NLR\bibl\496412 | ||
| 005 | 20260406064132.0 | ||
| 010 |
_a5-94723-692-3 _92000 |
||
| 021 |
_aRU _b2003-67625 _93335 |
||
| 035 | _a(NLR Aleph) 000489037 | ||
| 090 |
_a1101742 _c1101742 |
||
| 100 | _a20040303d2004 |||y0rusy50 ca | ||
| 101 | 0 | _arus | |
| 102 | _aRU | ||
| 105 | _aa ||||||||| | ||
| 200 | 1 |
_aПолитический маркетинг: вчера, сегодня, завтра _fНежданов Д.В. |
|
| 210 |
_aСПб. _cПитер _cПитер Принт _d2004 (печ. 2003) |
||
| 215 |
_a157 с. _cил. _d20 |
||
| 225 | 1 | _aБиблиотека политического консультирования | |
| 320 | _aБиблиогр.: с. 150-154 (131 назв.) и в подстроч. примеч. | ||
| 606 | 0 |
_aМаркетинг политический _91625386 _3RU\NLR\auth\661015826 |
|
| 686 | _aФ011.1 | ||
| 700 | 1 |
_4070 _8rus _7ca _aНежданов _bД.В. _gДенис Викторович _3RU\NLR\auth\7714014 _9123692 |
|
| 801 | 0 |
_aRU _bNLR _c20040303 _gPSBO |
|
| 801 | 1 |
_aRU _bNLR _c20040303 |
|
| 942 | _cBOOK | ||
| 980 | _aNB | ||